Detalles MARC
| 000 -LÍDER |
| Campo fijo de descripción fija |
02469aam a2200361 i 4500 |
| 001 - NÚMERO DE CONTROL |
| Campo de control |
768714001 |
| 003 - IDENTIFICADOR DEL NÚMERO DE CONTROL |
| Campo de control |
CO-MdFUSB |
| 005 - FECHA Y HORA DE LA ULTIMA TRANSACCIÓN |
| control field |
20240416120940.0 |
| 007 - CAMPO FIJO DE DESCRIPCIÓN FIJA--INFORMACIÓN GENERAL |
| Campo fijo de descripción fija |
cr aa uaaaa |
| 008 - ELEMENTOS DE LONGITUD FIJA -- INFORMACIÓN GENERAL |
| Campo fijo de descripción fija -- Información general |
240416t2012 sp |||| |||| 00| 0 spa d |
| 020 ## - NÚMERO INTERNACIONAL NORMALIZADO PARA LIBROS |
| Número Internacional Normalizado del libro |
9788433017413 |
| Información adicional |
[electrónico] |
| 040 ## - FUENTE DE CATALOGACIÓN |
| Agencia que realiza la transcripción |
CO-MdFUSB |
| 041 0# - CÓDIGO DE IDIOMA |
| Código de idioma para texto/pista de sonido o título separado |
spa |
| 082 04 - NÚMERO DE CLASIFICACIÓN DECIMAL DEWEY |
| Número de clasificación |
226 |
| 100 ## - ASIENTO PRINCIPAL--NOMBRE PERSONAL |
| Nombre personal |
Riera i Figueras, Francesc, |
| Término relacionador |
autor |
| 245 1# - TÍTULO |
| Título del Material |
Jesús de Nazaret: el evangelio de Lucas (I), escuela de justicia y misericordia : |
| Parte restante del título - Subtitulo |
una historia de Dios subversiva y fascinante |
| Mención de responsabilidad, etc. |
/ Francesc Riera i Figueras |
| Medio físico |
[electrónico] |
| 264 #1 - PRODUCCIÓN, PUBLICACIÓN, DISTRIBUCIÓN, MANUFACTURA, Y COPYRIGHT |
| Nombre del productor, publicador, distribuidor |
Desclée de Brouwer, |
| Lugar de producción, publicación, distribución, manufactura |
Bilbao, España : |
| Fecha de producción, publicación, distribución, manufactura, o copyright |
[2012] |
| 264 #4 - PRODUCCIÓN, PUBLICACIÓN, DISTRIBUCIÓN, MANUFACTURA, Y COPYRIGHT |
| Fecha de producción, publicación, distribución, manufactura, o copyright |
©2012 |
| 300 ## - DESCRIPCIÓN FÍSICA |
| Extensión |
270 páginas |
| 336 ## - TIPO DE CONTENIDO |
| Fuente |
rdacontent |
| Término de tipo de contenido |
texto |
| Código de tipo de contenido |
txt |
| 337 ## - TIPO DE MEDIO |
| Fuente |
rdamedia |
| Nombre del tipo de medio |
informático |
| Código del tipo de medio |
c |
| 338 ## - TIPO DE SOPORTE |
| Fuente |
rdacarrier |
| Nombre del tipo de soporte |
remoto |
| Código Tipo de soporte |
cr |
| 505 ## - NOTA DE CONTENIDO |
| Título |
Primera parte: Jesús en Galilea |
| Nota de contenido con formato preestablecido |
Una buena noticia en Nazaret y en Cafarnaúm. -- Primeros enfrentamientos. -- La comunidad alternativa del reino. -- E l reino de Dios ha llegado y rompe toda Frontera. -- Acoger la palabra, un test al lector. -- Por medio de los milagros Jesús fortalece y Purifica la fe. -- La gran pregunta: “pero ... ¿Quién es éste?” |
| 505 ## - NOTA DE CONTENIDO |
| Título |
Segunda parte: Subida de Jesús a Jerusalén: |
| Nota de contenido con formato preestablecido |
Primera etapa del viaje: Camino de Jesús “con” discípulos. -- Camino hacia el reino por dos vías inseparables. -- Un camino con oposición (pero también con seguidores). -- Un largo discurso al final de la primera etapa. -- Segunda etapa: Cinco lecciones magistrales (i): realismo. -- Urbanidad cristiana. -- un control de calidad. -- Cinco lecciones magistrales (ii): Misericordia. -- La gran oportunidad para el reino. – Codicia. -- La gran dificultad. --Tercera etapa: El cuándo y el cómo de la llegada del reino<br/>Cuarta etapa: Jerusalén a la vista: Seis actitudes para acoger el reino. -- Epílogo: Jesús de Nazaret, una historia de Dios subversiva y fascinante <br/><br/> |
| 506 ## - NOTA DE RESTRICCIONES DE ACCESO |
| Condiciones de acceso |
Solicitar clave y usuario para acceder al libro electrónico. |
| 630 07 - TITULO UNIFORME |
| Título uniforme |
Biblia. |
| Nombre de parte o sección de la obra |
Nuevo Testamento |
| Subdivisión de materia general |
Crítica, interpretación, etc. |
| 630 07 - TITULO UNIFORME |
| Título uniforme |
Biblia. |
| Subdivisión de forma |
Lucas |
| 856 ## - LOCALIZACIÓN Y ACCESO ELECTRÓNICOS |
| Numero de Acceso |
855567 |
| Identificador Uniforme del Recurso |
<a href="https://web.p.ebscohost.com/ehost/detail/detail?vid=4&sid=94f3c790-7abc-43b1-b9e9-a632ad828e93%40redis&bdata=Jmxhbmc9ZXMmc2l0ZT1laG9zdC1saXZl#AN=855567&db=nlebk ">https://web.p.ebscohost.com/ehost/detail/detail?vid=4&sid=94f3c790-7abc-43b1-b9e9-a632ad828e93%40redis&bdata=Jmxhbmc9ZXMmc2l0ZT1laG9zdC1saXZl#AN=855567&db=nlebk </a> |
| Nota dirigida al público |
<a href="Abrir Versión electrónica del libro AQUÍ">Abrir Versión electrónica del libro AQUÍ</a> |
| 942 ## - TIPO DE MATERIAL (KOHA) |
| Tipo de Item KOHA |
Libros General |
| 945 ## - INFORMACIÓN LOCAL DEL REGISTRO |
| Catalogador |
JTF-925 |